000 00728nam a22002412 4500
001 23985
003 BD-RjUL
005 20211209001008.0
008 140312s1970 xx 000 0 eng d
035 _a(BD-RjUL)24050
040 _aPAU
_cPAU
_dBD-RjUL
_beng
041 _aeng
082 _a820.9
_bIYT 1970
100 1 _aSrinivasa Iyengar, K. R.
_973857
245 1 0 _aTwo cheers for the Commonwealth :
_btalks on literature and education /
_c[by] K. R. Srinivasa Iyengar.
260 _aBombay :
_bAsia Pub. House,
_cc1970.
300 _aix, 315 p. ;
_c23 cm.
650 0 _aEnglish literature.
_973858
650 0 _aUniversities and colleges.
_973859
942 _2ddc
_cBK
999 _c23985
_d23985